Ediciones TBO, ¿dígame? (Record no. 184545)
[ view plain ]
| 000 -LEADER | |
|---|---|
| campo de control de longitud fija | 00938nam a2200265 i 4500 |
| 001 - NÚMERO DE CONTROL | |
| campo de control | 184545 |
| 003 - IDENTIFICADOR DE NÚMERO DE CONTROL | |
| campo de control | ES-MaACL |
| 005 - FECHA Y HORA DE LA ÚLTIMA TRANSACCIÓN | |
| campo de control | 20250730063157.0 |
| 008 - DATOS DE LONGITUD FIJA--INFORMACIÓN GENERAL | |
| campo de control de longitud fija | 151021s2006 sp acp |||| |bspa d |
| 020 ## - NÚMERO INTERNACIONAL ESTÁNDAR DEL LIBRO | |
| Número Internacional Estándar del Libro | 84-96484-37-8 |
| 080 ## - NÚMERO DE LA CLASIFICACIÓN DECIMAL UNIVERSAL | |
| Número de la Clasificación Decimal Universal | 929 Segura, Rosa |
| 080 ## - NÚMERO DE LA CLASIFICACIÓN DECIMAL UNIVERSAL | |
| Número de la Clasificación Decimal Universal | (05)(460.235 B.)(091) |
| 100 1# - ENTRADA PRINCIPAL--NOMBRE DE PERSONA | |
| Nombre de persona | Segura, Rosa, |
| Fechas asociadas al nombre | 1925- |
| 9 (RLIN) | 157960 |
| 245 10 - MENCIÓN DEL TÍTULO | |
| Título | Ediciones TBO, ¿dígame? |
| Resto del título | : (memorias secretas de una secretaria) / |
| Mención de responsabilidad, etc. | Rosa Segura. |
| 260 ## - PUBLICACIÓN, DISTRIBUCIÓN, ETC. | |
| Lugar de publicación, distribución, etc. | Barcelona : |
| Nombre del editor, distribuidor, etc. | Marrè, |
| Fecha de publicación, distribución, etc. | [2006] |
| 300 ## - DESCRIPCIÓN FÍSICA | |
| Extensión | 241 p. : |
| Otras características físicas | il. col., retr. ; |
| Dimensiones | 24 cm. |
| 600 17 - PUNTO DE ACCESO ADICIONAL DE MATERIA--NOMBRE DE PERSONA | |
| Nombre de persona | Segura, Rosa, |
| Fechas asociadas al nombre | 1925- |
| Fuente del encabezamiento o término | |
| 9 (RLIN) | 157960 |
| 630 07 - PUNTO DE ACCESO ADICIONAL DE MATERIA--TÍTULO UNIFORME | |
| Título uniforme | TBO (Barcelona)- |
| Subdivisión de forma | Historia. |
| 9 (RLIN) | 157961 |
| 650 #4 - PUNTO DE ACCESO ADICIONAL DE MATERIA--TÉRMINO DE MATERIA | |
| Término de materia o nombre geográfico como elemento de entrada | Cómics- |
| Subdivisión geográfica | España |
| 9 (RLIN) | 11174 |
| 852 ## - LOCALIZACIÓN | |
| Ubicación | ES-MaACL |
| Número de control de estantería | A-13597 |
| itemnumber | 191546 |
| Sublocalización o colección | R.150800 |
| Ubicación en estantería | Depósito 1 |
| Signatura antigua | Olim: N-6597 |
| Donativo/Legado | Donación: Real Academia Española |
| 914 ## - NOMBRE ENTIDAD DE DONANTE | |
| RLIN | 6336 |
| Nombre de congreso/reunión o jurisdicción como elemento de entrada | Real Academia Española |
| Unidad subordinada | Donante |
| 942 ## - ELEMENTOS DE ENTRADA SECUNDARIOS (KOHA) | |
| Fuente del sistema de clasificación o colocación | Clasificación decimal universal |
| Tipo de ítem Koha | Libro impreso |
| Estatus retirado | Estado de pérdida | Fuente del sistema de clasificación o colocación | Estado de daño | No para préstamo | Biblioteca de origen | Biblioteca actual | Ubicación en estantería | Fecha de adquisición | Fuente de adquisición | Total de préstamos | Signatura topográfica completa | Código de barras | Visto por última vez | Precio de reemplazo | Tipo de ítem Koha |
|---|---|---|---|---|---|---|---|---|---|---|---|---|---|---|---|
| Clasificación decimal universal | Biblioteca del Ateneo de Madrid | Biblioteca del Ateneo de Madrid | Depósito 1 | 21/10/2015 | Donación | A-13597 | 1194293 | 23/02/2023 | 23/02/2023 | Libro impreso |
